Κυκλική Οικονομία / Ένα Νέο Οικονομικό Μοντέλο Βιώσιμης Ανάπτυξης (Record no. 9308)
[ view plain ]
| 000 -LEADER | |
|---|---|
| fixed length control field | 01224cam a22001814a 4500 |
| 005 - ΗΜΕΡΟΜΗΝΙΑ ΚΑΙ ΩΡΑ ΤΕΛΕΥΤΑΙΑΣ ΕΝΗΜΕΡΩΣΗΣ | |
| Πεδίο ελέγχου | 20250605164358.0 |
| 008 - FIXED-LENGTH DATA ELEMENTS--GENERAL INFORMATION | |
| Πεδίο ελέγχου σταθερού μήκους | 250528s ||||||||||||||||||||||||d |
| 035 ## - SYSTEM CONTROL NUMBER | |
| System control number | 24425 |
| 040 ## - ΠΗΓΗ ΚΑΤΑΛΟΓΟΓΡΑΦΗΣΗΣ | |
| Φορέας πρωτότυπης καταλογογράφησης | MC Athens Campus Library |
| Γλώσσα καταλογογράφησης | Ελληνικά, Μοντέρνα (1453-) |
| Modifying agency | MC Athens Campus Library |
| Κανόνες περιγραφικής καταλογογράφησης | AACR2 |
| 245 1# - ΤΙΤΛΟΣ ΚΑΙ ΔΗΛΩΣΗ ΥΠΕΥΘΥΝΟΤΗΤΑΣ | |
| Τίτλος | Κυκλική Οικονομία / Ένα Νέο Οικονομικό Μοντέλο Βιώσιμης Ανάπτυξης |
| 260 ## - PUBLICATION, DISTRIBUTION, ETC. | |
| Name of publisher, distributor, etc. | Καινοτομία Έρευνα Και Τεχνολογία, |
| Date of publication, distribution, etc. | 2019 |
| 300 ## - PHYSICAL DESCRIPTION | |
| Extent | 32 |
| 520 ## - SUMMARY, ETC. | |
| Summary, etc. | Μεγάλα Δεδομένα και Νέα Μέσα και Ζητήματα Τεκμηρίωσης: Μαθαίνοντας από Πρωτοπόρα Εγχειρήματα, Το ΕΚΤ Αρωγός των Καλλιτεχνών στη Διαφύλαξη και Ανάδειξη των Αρχείων τους, Και 'Εγένετο Kosmos' και το Διαδικτυακό Περιοδικό του Εθνικού Αστεροσκοπείου Αθηνών, ;She Figures 2018': Μειώνονται Σταδιακά οι Ανισότητες μεταξύ των Φύλων στην Έρευνα και Καινοτομία. |
| 700 1# - ΠΡΟΣΘΕΤΗ ΑΝΑΓΡΑΦΗ--ΦΥΣΙΚΟ ΠΡΟΣΩΠΟ | |
| Personal name | Σαχίνη Εύη |
| 9 (RLIN) | 9352 |
| 942 ## - ADDED ENTRY ELEMENTS (KOHA) | |
| Koha item type | Περιοδικά Δημοσιεύματα |
| Τύπος τεκμηρίου | Βιβλιοθήκη | Τρέχουσα τοποθεσία | Barcode | Ημερομηνία απόκτησης | Ταξιθετικό σύμβολο | Αριθμός αντιτύπου | Αρίθμηση σειρών / χρονολογία | Κατάσταση απόσυρσης | Κατάσταση χαμένου | Κατάσταση κατεστραμμένου | Μη δανεισμός | Σύνολο δανεισμών | Ημερομηνία τελευταίας εμφάνισης | Η τιμή ισχύει από |
|---|---|---|---|---|---|---|---|---|---|---|---|---|---|---|
| Περιοδικά Δημοσιεύματα | MC Athens Campus Library | MC Athens Campus Library | 9780000093073 | 05/06/2025 | ΚΑΙΝΟΤΟΜΙΑ ΑΝΑΠΤΥΞΗ | 1 | 115 | 05/06/2025 | 05/06/2025 |